Municipis de la comarca del Maresme amb mapa (Catalunya) - Statistics

General Stats
  • This quiz has been taken 479 times
  • The average score is 14 of 30
Answers on the Map
Answers color-coded by a green-red scale on the quiz's map according to % correct below.
 
Answer Stats
Answer % Correct
Tordera
73%
Mataró
67%
Palafolls
66%
Malgrat de Mar
60%
Montgat
57%
Caldes d'Estrac
56%
Santa Susanna
53%
Vilassar de Mar
49%
Arenys de Mar
48%
Arenys de Munt
48%
Sant Pol de Mar
48%
Cabrera de Mar
47%
Calella
47%
Premià de Dalt
47%
Sant Cebrià de Vallalta
47%
Argentona
46%
Canet de Mar
46%
El Masnou
46%
Pineda de Mar
45%
Sant Andreu de Llavaneres
45%
Tiana
45%
Premià de Mar
42%
Òrrius
41%
Vilassar de Dalt
40%
Dosrius
37%
Teià
37%
Sant Iscle de Vallalta
36%
Alella
34%
Sant Vicenç de Montalt
34%
Cabrils
28%
No matching quizzes found
Score Distribution
Percent of People with Each Score
Percentile by Number Answered
Your Score History
You have not taken this quiz